| 000 | 01226nam a2200253 i 4500 | ||
|---|---|---|---|
| 001 | bg | ||
| 100 | 1 | _aJAŻDŻYŃSKI, Wiesław | |
| 245 | 1 | 0 |
_aProjektowanie maszyn elektrycznych i identyfikacja ich modeli z wykorzystaniem optymalizacji wielokryterialnej / _cWiesław Jażdżyński. |
| 246 | 1 | 1 | _aDesigning electrical machines and identification of their models with the help of multicriterial optimization |
| 260 |
_aKraków : _bWydawnictwa AGH, _c1995. |
||
| 300 |
_a118 s. : _brys., wykr. ; _c24 cm. |
||
| 490 | 1 |
_aRozprawy, Monografie / [Akademia Górniczo-Hutnicza im. S. Staszica] = _aDissertations, Monographies, _x0867-6631 ; _v28 |
|
| 500 | _aTyt. równol. : Designing electrical machines and identification of their models with the help of multicriterial optimization. | ||
| 504 | _aBibliogr. s. 112-118. - Summ. | ||
| 650 | 9 |
_aMaszyny elektryczne _xprojekty _xmetody |
|
| 650 | 9 |
_aModele matematyczne _xstosowanie _xelektrotechnika |
|
| 650 | 9 |
_aOptymalizacja _xstosowanie _xelektrotechnika |
|
| 830 | 0 |
_aRozprawy, Monografie ([Akademia Górniczo-Hutnicza im. S. Staszica]) ; _v28 |
|
| 040 | _cBPK | ||
| 041 | 0 |
_apl _ben |
|
| 080 | _a621.313:519.8 | ||
| 942 | _cKS | ||
| 008 | s pl f |000 0 pol | ||
| 999 |
_c31484 _d31484 |
||
| 856 |
_uhttp://koha.tu.koszalin.pl/cgi-bin/koha/opac-detail.pl?biblionumber=31484 _yKatalog online BPK |
||